000 00516nam a2200181Ia 4500
005 20250326141320.0
008 250326s9999 xx 000 0 und d
037 _aTextbook
040 _aFMSL
_beng
_cFMSL
041 _aeng
_2eng
084 _aD658(2:55) N4
_qFMSL
100 _aRamas E
_9744157
245 0 _aConcepts of date communications.
_cRamas E; Schroeder A.l.
260 _aNew
_bNew, york Macmillan
_c1994
300 _a265p
942 _cTB
_hD658(2:55) N4
999 _c1289739
_d1289739